01628nam a2200313 a 450000100080000000500110000800800410001910000220006024501040008226002030018630000180038949000090040752005940041665000110101065000100102165000190103165000130105065000230106365000180108665000150110465000350111965000200115465300250117465300230119965300190122270000280124170000220126970000230129111804132025-10-06 2001 bl uuuu u00u1 u #d1 aBATISTA, J. A. N. aIsolamento e caracterizacao de um promotor de algodao ativo no botao floral.h[electronic resource] aIn: CONGRESSO BRASILEIRO DE ALGODAO, 3., 2001, Campo Grande. Produzir sempre, o grande desafio: anais. Campina Grande: Embrapa Algodao; Campo Grande: UFMS; Dourados: Embrapa Agropecuaria Oestec2001 ap.27-28. v.1. vv.1. aNeste trabalho, objetivou-se o isolamento de promotores ativos no botão floral do algodão (Gossypium hirsutum), que constitui a principal fonte de alimentação do bicudo-do-algodoeiro. Para tal foi selecionado o gene da proteína de conjugação a ubiquitina da família Leubc4, previamente caracterizado como sendo expresso nos botões florais de algodão e o seu promotor foi isolado pela técnica de “Tail-PCR” (thermal asymmetric interlaced PCR), que consiste numa aplicação da técnica de PCR que permite o isolamento de segmentos de DNA adjacentes a seqüências conhecidas. acotton apests aplant breeding aAlgodão aAnthonomus Grandis aBotão Floral aIsolamento aMelhoramento Genético Vegetal aPraga de Planta aBicudo-do-algodoeiro aGossypium hirsitum aPromotor ativo1 aOLIVEIRA NETO, O. B. de1 aFRAGOSO, R. da R.1 aSA, M. de F. G. de